Glasnost how open?

Guardat en:
Dades bibliogràfiques
Autor corporatiu: Freedom House (Autor)
Format: Llibre
Idioma:anglès
Publicat: Nueva York Freedom House 1987
Col·lecció:Perspectives on Freedom Series, 8
Matèries:
Etiquetes: Afegir etiqueta
Sense etiquetes, Sigues el primer a etiquetar aquest registre!

MARC

LEADER 00000nam a2200000 a 4500
001 UCP7052
003 CL-VaPUC
008 991126e19870000US |||||||||||||||||eng|d
082 0 4 |a 947.085  |b FRE  |2 21 
110 2 |a Freedom House  |e author  |9 436436 
245 1 0 |a Glasnost how open? 
300 |a 130 p 
942 |c BK 
945 |d 19991126 00:00:00  |a rbrito 
260 |a Nueva York  |b Freedom House  |c 1987 
650 0 |a Política  |9 255312 
650 0 |a Relaciones Exteriores  |9 255379 
650 0 |a Congresos  |9 257560 
651 0 |a Unión Soviética  |9 256769 
651 0 |a Europa  |9 255156 
583 |a last modification  |c 19991126 00:00:00  |k Rodrigo Vera 
490 0 |a Perspectives on Freedom Series, 8 
999 |c 284404  |d 284402 
952 |0 0  |1 0  |4 0  |6 947_085000000000000_FRE_1987  |7 0  |8 A  |9 328403  |a BIBHIS  |b BIBHIS  |d 2019-11-20  |i 3578909  |o 947.085 FRE 1987  |p 3578909  |r 2025-01-20  |w 2019-11-20  |y BK  |k HIS